| 000 | 00904nam a22002897a 4500 | ||
|---|---|---|---|
| 003 | CHAP | ||
| 005 | 20220329140516.0 | ||
| 008 | 971013s1965 r 00010 d | ||
| 010 | _a53040 | ||
| 011 | _a54012 | ||
| 035 | _a58162 | ||
| 040 | _cCHAP | ||
| 082 |
_a628.14 _bS4 |
||
| 100 | 0 | 0 |
_aSears Roebuck. _9103459 |
| 245 | _aCómo tener agua corriente en su hogar y en su granja | ||
| 260 |
_aMéxico, D.F. : _bCentro Reginal de Ayuda Técnica, _c1965 |
||
| 300 |
_a116 p. _b: ilus. |
||
| 590 |
_aBATCH-UPD _b10 _c20130110 _lUCH01 _h0755 |
||
| 590 |
_aBATCH-UPD _b10 _c20130410 _lUCH01 _h0434 |
||
| 590 |
_aBATCH-UPD _b10 _c20130914 _lUCH01 _h1641 |
||
| 590 |
_aCONVERSION _b10 _c20130109 _lUCH01 _h1329 |
||
| 650 | 1 | 4 |
_aAgua _xDistribucion. _92366 |
| 650 | 1 | 4 |
_aIngeniería sanitaria. _958277 |
| 901 | _aBK | ||
| 942 | _cLIBRO | ||
| 949 |
_a628.14 S4 _bBC _cLIBRO _d33724000024998 _eLIBRO _h19228 _i58162 _mD _si |
||
| 999 |
_c53040 _d53040 |
||